zpět

Detail výsledku týmu

Záložna ÚT, Pardubice

Datum a čas kvízu

33 Celkem bodů Celkový počet nahraných bodů na tomto kvízu bez doplňovacích otázek.
6. Pořadí na kvízu Konečné umístění týmu na tomto kvízu.

Zaznamenané odpovědi

# Otázka Odpověď Body Výsledky
1. Od pondělí do čtvrtka brázdila... Formule 1 1
2. Společnost Air Baltic spustila... Kunda 1
3. V pondělí vyvrcholil 30. roční... v Maďarsku 1
4. Ve čtvrtek byla v aukci v Los... klobouk (Indiany Jonese) 0
5. Který český fotbalista přestou... Adam Hložek 1
6. Ve kterém americkém filmu z ro... Ladíme! (Pitch Perfect) 0
7. Francouzská hudební komedie s... Piti Piti Pa 1
8. V hudební animované pohádce Tr... Justin Timberlake 1
9. V Hříšném tanci si zahráli hla... Frances, Baby 0.5
10. Jak se jmenuje československý... Kdyby tisíc klarinetů 1